Loading...
| Art - Music/Opera | 0 | 4 | 0 | 1 | 40 | 80 | 101.00 | 0 | 1 |
| Art - Painting/Sculpture | 0 | 2 | 0 | 1 | 20 | 123 | 127.50 | 0 | 0 |
| Science - Biology | 0 | 2 | 0 | 2 | 20 | 129 | 132.50 | 0 | 0 |
| Current Events/Modern World - United States political | 0 | 1 | 0 | 0 | 10 | 114 | 114.00 | 0 | 1 |
| History - American | 0 | 1 | 0 | 0 | 10 | 68 | 68.00 | 1 | 1 |
| Science - Chemistry | 0 | 1 | 0 | 0 | 10 | 112 | 112.00 | 0 | 0 |
| Art - Other | 0 | 1 | 0 | 0 | 10 | 68 | 68.00 | 0 | 1 |
| Current Events/Modern World - Rest of world political | 0 | 1 | 0 | 0 | 10 | 66 | 66.00 | 0 | 1 |
| Religion - Islam | 0 | 1 | 0 | 0 | 10 | 137 | 137.00 | 0 | 0 |
| Religion - Hinduism | 0 | 1 | 1 | 0 | 5 | 124 | 124.00 | 0 | 0 |
| Art - Visual | 0 | 1 | 1 | 0 | 5 | 107 | 107.00 | 0 | 0 |
| History - World | 0 | 1 | 1 | 1 | 5 | 139 | 139.00 | 0 | 0 |
| History - Other | 0 | 0 | 0 | 0 | 0 | 0.00 | 0 | 0 |